Statistiques concernant Filmographie de Ryan Gosling

Cliquez ici pour prendre le quiz!

Statistiques générales

  • Ce quiz a été pris 33 fois
  • Le résultat moyen est 8 sur 27

Statistiques - réponses

Années 1990% Correct
Barbie
90%
La La Land
90%
Drive
73%
N’oublie jamais (The Notebook)
63%
Blade Runner 2049
57%
The Gray Man
47%
The Nice Guys
40%
Crazy, Stupid, Love
37%
The Place Beyond the Pines
37%
First Man : Le Premier Homme sur la Lune (First Man)
33%
The Big Short : Le Casse du siècle (The Big Short)
30%
Blue Valentine
27%
Gangster Squad
23%
Only God Forgives
23%
Une fiancée pas comme les autres (Lars and the Real Girl)
20%
Calculs meurtriers (Murder by Numbers)
17%
Half Nelson
17%
Love and Secrets (All Good Things)
17%
La Faille (Fracture)
13%
Le Plus Beau des combats (Remember the Titans)
13%
Les Marches du pouvoir (The Ides of March)
13%
Song to Song
13%
Stay
13%
Danny Balint (The Believer)
10%
Frankenstein and Me
10%
The Slaughter Rule
10%
The United States of Leland
10%

Distribution des résultats

Percentile par nombre de réponses

% des personnes avec chaque résultat

Votre développement - résultats

Vous n’avez pas pris ce quiz